00822 a2200181 45000010006000000050017000060080041000230030015000640400040000790800035001192450049001542640028002033000019002315050344002500410008005941000017006027000021006195410920260407155811.0260407a1959 arg spa dAR-UNSa-BCEJYS aAR-UNSa-BCEJYSbspacAR-UNSa-BCEJYS a330.4xEconomía matemática10aAgregación lineal de relaciones economicas 1aMadrid :bAguilarc1959 a223 p.c22 cm. aI. Introducción - II. Agregación sobre un conjunto de individuos - III. Agregación sobre varios conjuntos de individuos o de bienes - IV. Agregación sobre períodos de tiempo - V. Sistemas de macroecuaciones simultáneas - VI. Nuevas ampliaciones - VII. Agregación perfecta - VIII. Conclusiones - IX. Aclaraciones matemáticas aspa1 aTheil, Henri1 aCorrea, Héctor